| 000 | 01294nam a22003377a 4500 | ||
|---|---|---|---|
| 001 | 03602 | ||
| 003 | HDC | ||
| 007 | cr bn ---aaaaa | ||
| 008 | 210111t2016 flu||||| |||| 00| 0 eng | ||
| 020 | _a1-56670-563-0 | ||
| 040 | _aHDC | ||
| 100 |
_aDavid, Olaf _eauthor _93195 |
||
| 245 | 0 |
_aAgricultural System Models In Field Research And Technology Transfer. Chapter 15 : _bThe Object Modeling System / by _cOlaf David, Steven L. Markstrom, Kenneth W. Rojas, Lajpat R. Ahuja and Ian W. Schneider |
|
| 260 |
_a Boca Raton, Florida: _bCRC Press, _c2016 |
||
| 300 | _a14 pages | ||
| 336 |
_atext _2rdacontent |
||
| 337 |
_acomputer _2rdamedia |
||
| 338 |
_aonline resource _2rdacarrier |
||
| 500 | _aIncludes bibliographical references | ||
| 650 |
_aAgricultural System _93107 |
||
| 650 |
_amodeling principles _93197 |
||
| 650 |
_aObject Modeling System _93196 |
||
| 700 |
_aAhuja, Lajpat R. _93110 _eauthor |
||
| 700 |
_aMarkstrom, Steven L. _93198 _eauthor |
||
| 700 |
_aRojas, Kenneth W. _93199 _eauthor |
||
| 700 |
_aSchneider, Ian W. _93200 _eauthor |
||
| 856 | _zRequest full-text at [email protected] | ||
| 942 | _2lcc | ||
| 942 | _cCHAP | ||
| 942 | _kEBCH 001634 | ||
| 999 |
_c938 _d938 |
||